Normal view
MARC view
Entry Personal Name
001 - CONTROL NUMBER
- control field: 63117
003 - CONTROL NUMBER IDENTIFIER
- control field: dpl
005 - DATE AND TIME OF LATEST TRANSACTION
- control field: 20240312120844.0
008 - FIXED-LENGTH DATA ELEMENTS
- fixed length control field: 240312|| aca||aabn | a|a d
040 ## - CATALOGING SOURCE
- Original cataloging agency: dpl
- Transcribing agency: dpl
100 ## - HEADING--PERSONAL NAME
- Personal name: Sethi Rajbir Singh
670 ## - SOURCE DATA FOUND
- Source citation: Work cat.: (dpl)201404: Sethi Rajbir Singh Autho, A Study Of Marketing Of Retail Banking Products/
